Dynamic of evangelism

Uloženo v:
Podrobná bibliografie
Hlavní autor: Borchert, Gerald L.
Médium: Kniha
Jazyk:angličtina
Vydáno: Word Books. 1976.
Témata:
Tagy: Přidat tag
Žádné tagy, Buďte první, kdo vytvoří štítek k tomuto záznamu!

MARC

LEADER 00000nam a22000005a 4500
001 9679
003 CL-ChBUA
005 20120815103210.0
008 070301s1976 xxu 000 0 eng
020 |a 0576804687 
040 |a CL-ChBUA  |c CL-ChBUA 
082 0 0 |a 269.2 
090 |c 9679  |d 9679 
100 1 |a Borchert, Gerald L. 
245 1 0 |a Dynamic of evangelism 
260 |b Word Books.  |c 1976. 
300 |c 22 cm. 
650 4 |a EVANGELISMO. 
942 |c LIB 
952 |0 0  |1 0  |4 0  |7 0  |9 14235  |a UNACH  |b UNACH  |c 200  |d 2007-03-05  |i 16.606.  |l 0  |o 269.2 / B 726.  |p 15234  |r 2015-11-30 00:00:00  |u 14235  |w 2012-08-08  |y LIB  |k 269.2 / B 726. 
999 |c 9679  |d 9679